| 000 | 00738nam a22002297a 4500 | ||
|---|---|---|---|
| 008 | 150930b xxu||||| |||| 00| 0 eng d | ||
| 020 | _a0256036284 | ||
| 041 | 0 | _aeng | |
| 080 | _a658.4:004 | ||
| 100 | 1 | _aCash, James I. | |
| 245 | 1 | 0 |
_aCorporate information systems management : _cJames I. Cash, Jr., F. Warren McFarlan, James L. McKenney. |
| 250 | _a2nd ed. | ||
| 260 |
_aHomewood, Ill. : _bIrwin, _c1988. |
||
| 300 |
_ax, 285 f. : _bme il.; _c24 cm. |
||
| 650 | 0 | _aPërpunimi i të dhënave | |
| 650 | 0 | _aBiznes | |
| 650 | 0 | _aMenaxhimi i sistemeve të informacionit | |
| 650 | 0 | _aMenaxhimi industrial | |
| 700 | 1 | _aMcFarlan, F. Warren | |
| 700 | 1 | _aMcKenney, James L. | |
| 942 |
_2udc _cBK |
||
| 999 |
_c1194 _d1194 |
||